Histoire de La Géographie et des découvertes géographiques depuis les temps les plus reculés jusqu´a nos jours / (Record no. 167734)
[ view plain ]
| 000 -LEADER | |
|---|---|
| campo de control de longitud fija | 01102nam a2200217 i 4500 |
| 001 - NÚMERO DE CONTROL | |
| campo de control | 167734 |
| 003 - IDENTIFICADOR DE NÚMERO DE CONTROL | |
| campo de control | ES-MaACL |
| 005 - FECHA Y HORA DE LA ÚLTIMA TRANSACCIÓN | |
| campo de control | 20250905063054.0 |
| 008 - DATOS DE LONGITUD FIJA--INFORMACIÓN GENERAL | |
| campo de control de longitud fija | 991230m18731874fr |||| | fre d |
| 040 ## - FUENTE DE CATALOGACIÓN | |
| Centro catalogador/agencia de origen | CCPB | B |
| Lengua de catalogación | spa |
| Centro/agencia transcriptor | CCPB | B |
| 100 1# - ENTRADA PRINCIPAL--NOMBRE DE PERSONA | |
| Nombre de persona | Vivien de Saint Martin, Louis, |
| Fechas asociadas al nombre | 1802-1897 |
| 9 (RLIN) | 133808 |
| 245 10 - MENCIÓN DEL TÍTULO | |
| Título | Histoire de La Géographie et des découvertes géographiques depuis les temps les plus reculés jusqu´a nos jours / |
| Mención de responsabilidad, etc. | par M. Vivien de Saint-Martin ; accompagnée d´un atlas historique en douze feuilles. |
| 260 ## - PUBLICACIÓN, DISTRIBUCIÓN, ETC. | |
| Lugar de publicación, distribución, etc. | Paris : |
| Nombre del editor, distribuidor, etc. | Librairie Hachette et C\pie\s, |
| Fecha de publicación, distribución, etc. | 1873-1874 ( |
| Fabricante | Imp. Simon Raçon et Comp.) |
| 300 ## - DESCRIPCIÓN FÍSICA | |
| Extensión | 2 v. ; |
| Dimensiones | 26 cm. |
| 510 3# - NOTA DE CITAS O REFERENCIAS BIBLIOGRÁFICAS | |
| Nombre de la fuente | BL-OPAC, 21/411/06 |
| 596 ## - NOTA AL PIE DE IMPRENTA | |
| NOTA AL PIE DE IMPRENTA | Tit. del t. de Atlas: Atlas dressé pour l'historie de la géographie et des découvertes géographiques depuis les temps les plus reculés jusq' a nos jours / pour Vivien de Saint-Martin. |
| 597 ## - NOTA DE DESCRIPCIÓN FÍSICA | |
| NOTA DE DESCRIPCIÓN FÍSICA | T. I. (XVI, 615 p.) -- T. II (4 p., XII h. de map.) |
| 650 #7 - PUNTO DE ACCESO ADICIONAL DE MATERIA--TÉRMINO DE MATERIA | |
| Término de materia o nombre geográfico como elemento de entrada | Atlas |
| Fuente del encabezamiento o término | embne |
| 9 (RLIN) | 10407 |
| 852 ## - LOCALIZACIÓN | |
| Ubicación | ES-MaACL |
| Número de control de estantería | C-792 |
| Nota libre | -- Enc. hol. |
| -- | .- Falta el vol. de atlas |
| Estatus retirado | Estado de pérdida | Estado de daño | No para préstamo | Colección | Biblioteca de origen | Biblioteca actual | Ubicación en estantería | Fecha de adquisición | Fuente de adquisición | Total de préstamos | Signatura topográfica completa | Código de barras | Visto por última vez | Precio de reemplazo | Tipo de ítem Koha |
|---|---|---|---|---|---|---|---|---|---|---|---|---|---|---|---|
| Libros del s. XIX | Biblioteca del Ateneo de Madrid | Biblioteca del Ateneo de Madrid | Sala Palomar | 17/01/2008 | C-792 | 1175969 | 23/02/2023 | 23/02/2023 | Libro impreso antiguo |
